|
|
|
|
| LEADER |
00000cam a2200000 a 4500 |
| 001 |
202580 |
| 003 |
Ucuenca |
| 005 |
20230308180222.0 |
| 008 |
998072|1998 sz |||||r|||||||||||spa|| |
| 020 |
|
|
|a 92 4 354490 X
|
| 040 |
|
|
|b spa
|
| 041 |
1 |
|
|a spa
|
| 082 |
0 |
|
|a 615.9
|
| 100 |
1 |
|
|9 82536
|a Chollat-Traquet, Claire
|
| 245 |
|
|
|a Evaluación de las actividades de lucha contra el tabaco:
|b experiencias y principios orientadores
|c Claire Chollat-Traquet
|h imp
|
| 264 |
|
|
|a Ginebra
|b OMS
|c 1998
|
| 300 |
|
|
|a xii, 227 páginas:
|c 24.5 cm
|
| 504 |
|
|
|a incl. ref.
|
| 650 |
|
|
|a Tabaquismo-Prevencion y control
|9 86728
|
| 650 |
|
|
|a Trastorno por uso de tabaco
|9 82894
|
| 650 |
|
|
|a Tabaco-Legislacion y jurisprudencia
|9 86729
|
| 650 |
|
|
|a Educacion en salud
|9 4138
|
| 650 |
|
|
|a Evaluacion de programas
|9 31410
|
| 852 |
|
|
|a UC-SALUD
|f Donación
|l 1
|m General
|p 19980723
|q S/. 20.000
|t 202580
|b 0
|d CDRS
|e CDRS
|g 615.9
|z 1998-80-72
|
| 942 |
|
|
|c BK
|
| 999 |
|
|
|c 52339
|d 52339
|